Normal view
MARC view
Entry Topical Term
001 - CONTROL NUMBER
- control field: 14582
003 - CONTROL NUMBER IDENTIFIER
- control field: BD-RjUL
005 - DATE AND TIME OF LATEST TRANSACTION
- control field: 20241205101958.0
008 - FIXED-LENGTH DATA ELEMENTS
- fixed length control field: 241205|| aca||aabn | a|a d
040 ## - CATALOGING SOURCE
- Original cataloging agency: BD-RjUL
- Transcribing agency: BD-RjUL
150 ## - HEADING--TOPICAL TERM
- Topical term or geographic name entry element: মাধ্যমিক শিক্ষায়
- Geographic subdivision: বাংলাদেশ
670 ## - SOURCE DATA FOUND
- Source citation: Work cat.: (BD-RjUL)84458: আক্তারুজ্জামান, মোহাম্মদ 14581, আর্থসামাজিক অবস্থার প্রেক্ষিতে বাংলাদেশের হাওরাঞ্চলে মাধ্যমিক শিক্ষায় ঝরে পড়া /, ২০২৪